| Tag |
First Indicator |
Second Indicator |
Subfields |
| LEADER |
00000cam a2200000 i 4500 |
| 001 |
in00004428521 |
| 008 |
200928s2021 nyua 001 0 eng d |
| 005 |
20250318215005.9 |
| 019 |
|
|
|a 1141111423
|
| 020 |
|
|
|a 9780847868872
|
| 020 |
|
|
|a 0847868877
|q hardcover
|
| 035 |
|
|
|a (OCoLC)on1233303746
|
| 035 |
|
|
|a (OCoLC)1233303746
|z (OCoLC)1141111423
|
| 040 |
|
|
|a UKMGB
|b eng
|e rda
|c UKMGB
|d OCLCO
|d YDX
|d BDX
|d OCLCF
|d TOH
|d NZWPM
|d BKL
|d NYP
|d NZAUC
|d YDX
|
| 050 |
|
4 |
|a NC1882
|b .B87 2021
|
| 082 |
0 |
4 |
|a 741.66
|2 23
|
| 100 |
1 |
|
|a Burkeman, DB,
|e author.
|
| 245 |
1 |
0 |
|a Art sleeves :
|b album covers by artists /
|c DB Burkeman.
|
| 264 |
|
1 |
|a New York, NY :
|b Rizzoli International Publications, Inc.,
|c [2021]
|
| 300 |
|
|
|a 216 pages :
|b illustrations (chiefly color) ;
|c 29 cm
|
| 336 |
|
|
|a text
|b txt
|2 rdacontent
|
| 336 |
|
|
|a still image
|b sti
|2 rdacontent
|
| 337 |
|
|
|a unmediated
|b n
|2 rdamedia
|
| 338 |
|
|
|a volume
|b nc
|2 rdacarrier
|
| 520 |
|
|
|a "Art Sleeves is a time capsule of visual art and music culture as shown through the most important record covers designed by visual artists and graphic designers in the past forty years. This tightly curated collection of covers chosen includes works with significant cultural impact as well as collaborations that themselves created cultural fascination. The eclectic roster of visual artist-musician collaborations presented spans art and musical genres as well as generations, including Ryan McGinley for Sigur Rós, Kara Walker for Arto Lindsay, Peter Saville for Joy Division, Barbara Kruger for Growing Up Skipper, Jeff Koons for Lady Gaga, Tauba Auerbach for Glasser, and Stanley Donwood for Radiohead, to name a few. From postmodernist paintings and minimalism to collage and photography, as well as New Wave, emo, pop, and punk, the albums chosen present a bright and rich visual and cultural history. This inspiring volume celebrates this long creative tradition of visual artist-musician collaborations and, just like a perfect album, it will be treasured by art, music, and record lovers alike." --Amazon.com.
|
| 500 |
|
|
|a Includes index.
|
| 505 |
0 |
|
|a Judging by the cover -- Artist spotlights & conversations -- For the record: the cover story of LP art / Carlo McCormick -- Art sleeve.
|
| 650 |
|
0 |
|a Sound recordings
|x Album covers.
|
| 650 |
|
0 |
|a Art and music.
|
| 650 |
|
7 |
|a Art and music.
|2 fast
|0 (OCoLC)fst00815413
|
| 650 |
|
7 |
|a Sound recordings
|x Album covers.
|2 fast
|0 (OCoLC)fst01127035
|
| 852 |
8 |
|
|b pda,print
|z This title is available for the library to purchase for your use. Click the "Purchase It For Me" button to place a request. This item may take 5-10 business days to arrive.
|
| 955 |
|
|
|a Print PDA title
|
| 999 |
f |
f |
|s 7583d6a4-42e2-4b89-b055-ab08e2b4ddf6
|i bb012066-3bfe-33fa-a74f-64f1dbf0f4f1
|t 0
|
| 952 |
f |
f |
|a Texas A&M University
|b College Station
|c Sterling C. Evans Library
|d Purchase on Demand
|t 0
|e NC1882 .B87 2021
|h Library of Congress classification
|
| 998 |
f |
f |
|a NC1882 .B87 2021
|t 0
|l Purchase on Demand
|